Pravidlá ľadového hokeja 2010-2014 (IIHF official rule book 2010-2014)

Bibliographic Details
Other Authors: Kolesár, Milan, 1942-2022 (Translator)
Format: Book
Language:Slovak
English
PhysicalDescription:71 s. fareb. fotogr., ilustr. 21 cm
Published: Bratislava Slovenský zväz ľadového hokeja 2010
ISBN:9788089173280 (brož.)
Subjects:

MARC

LEADER 00000nam a2200000 a 4500
001 vtls010586631
003 SK-MaSNL
005 20260302013229.0
008 160610s2010 xo oa e 000 0 slo
015 |a SNBA2014/05 
020 |a 9788089173280 (brož.) 
035 |a 5F888CA6-CC5B-47D6-B887-5DBF3564FC91 
035 |a urn:nbn:sk:snk-aml5j5 
035 |a urn:nbn:sk:snk-am008vif 
040 |a SNK  |b slo  |c SNK  |e AACR2 
041 1 |a slo  |h eng 
044 |a xo  |c SK 
072 7 |a 796  |x Šport. Hry. Telesné cvičenia  |2 konspekt 
080 |a 796.966  |2 2001 
080 |a 796.063  |2 2001 
080 |a (035)  |2 2001 
130 0 |a IIHF Case Book 2010-2014.  |l Slovensky  |9 656274 
245 1 0 |a Pravidlá ľadového hokeja 2010-2014  |b (IIHF official rule book 2010-2014)  |c [z anglického originálu preložil Milan Kolesár] 
260 |a Bratislava  |b Slovenský zväz ľadového hokeja  |c 2010 
300 |a 71 s.  |b fareb. fotogr., ilustr.  |c 21 cm 
500 |a Voľné listy vložené v obálke 
650 0 7 |a ľadový hokej  |2 SNKPH  |9 3231 
650 0 7 |a športové pravidlá  |2 SNKPH  |9 1046 
650 0 7 |a Ice hockey  |2 SNKPHeng  |9 275903 
650 0 7 |a Sports rules  |2 SNKPHeng  |9 370110 
655 7 |a príručky  |2 SNKPH  |9 74364 
655 7 |a Handbooks, manuals, etc.  |2 SNKPHeng  |9 90964 
700 1 |a Kolesár, Milan,  |d 1942-2022  |4 trl  |9 162692 
919 |a 978-80-89173-28-0 
958 |a OP 
968 |b ENG 
999 |c 1012178  |d 1014108 
952 |a SNK  |b SNK  |y PREZ  |7 0  |p 17A1107533  |o snkSC 158914  |i snk2014/8399  |8 0  |0 0  |1 0  |4 0  |d 2014-04-01  |f 1  |l 0  |r 2025-08-21 00:00:00  |w 2026-02-24 
952 |a SNK  |b SNK  |y VYP  |7 0  |p 17A1107534  |o snkSC 158914 D1  |i snk2014/8401  |8 0  |0 0  |1 0  |4 0  |d 2014-04-01  |l 0  |r 2026-02-24 12:57:12  |w 2026-02-24